Statistics for Top 50 largest economies in 2100

Click here to take the quiz!

General Stats

  • This quiz has been taken 163 times
  • The average score is 46 of 50

Answers on the Map

Answers color-coded by a green-red scale on the quiz's map according to % correct below.
 

Answer Stats

Answer% Correct
China
100%
India
100%
United States
100%
Canada
99%
Russia
99%
Argentina
98%
Australia
98%
Brazil
98%
Egypt
98%
France
98%
Germany
98%
Italy
98%
Mexico
98%
Nigeria
98%
Peru
98%
Spain
98%
Turkey
98%
United Kingdom
98%
Chile
97%
Indonesia
97%
Iran
97%
Japan
97%
Pakistan
97%
South Africa
97%
Vietnam
97%
Poland
96%
South Korea
96%
Colombia
95%
Democratic Republic of The Congo
95%
Ethiopia
95%
Philippines
95%
Sweden
95%
Thailand
95%
Iraq
94%
Algeria
93%
Angola
92%
Kenya
92%
Malaysia
91%
Netherlands
91%
Venezuela
91%
Bangladesh
89%
Tanzania
88%
Switzerland
85%
Kazakhstan
83%
Israel
81%
Ghana
76%
Ecuador
75%
Afghanistan
71%
Syria
63%
Guatemala
59%

Score Distribution

Percentile by Number Answered

Percent of People with Each Score

Your Score History

You have not taken this quiz